<?xml version="1.0" encoding="UTF-8"?>
<record
    xmlns:xsi="http://www.w3.org/2001/XMLSchema-instance"
    xsi:schemaLocation="http://www.loc.gov/MARC21/slim http://www.loc.gov/standards/marcxml/schema/MARC21slim.xsd"
    xmlns="http://www.loc.gov/MARC21/slim">

  <leader>02499    a2200265   4500</leader>
  <controlfield tag="003">Nust</controlfield>
  <controlfield tag="005">20170207154054.0</controlfield>
  <datafield tag="010" ind1=" " ind2=" ">
    <subfield code="a">  2008051537</subfield>
  </datafield>
  <datafield tag="020" ind1=" " ind2=" ">
    <subfield code="a">0470381132 (cloth)</subfield>
  </datafield>
  <datafield tag="020" ind1=" " ind2=" ">
    <subfield code="a">9780470381137 (cloth)</subfield>
  </datafield>
  <datafield tag="035" ind1=" " ind2=" ">
    <subfield code="a">(OCoLC)ocn260206918</subfield>
  </datafield>
  <datafield tag="040" ind1=" " ind2=" ">
    <subfield code="c">Nust</subfield>
  </datafield>
  <datafield tag="082" ind1="0" ind2="0">
    <subfield code="a">332.024</subfield>
  </datafield>
  <datafield tag="245" ind1="0" ind2="0">
    <subfield code="a">Private wealth (E-BOOK)</subfield>
    <subfield code="b">wealth management in practice /</subfield>
    <subfield code="c">[edited by] Stephen M. Horan.</subfield>
  </datafield>
  <datafield tag="260" ind1=" " ind2=" ">
    <subfield code="a">Hoboken, N.J. :</subfield>
    <subfield code="b">Wiley,</subfield>
    <subfield code="c">c2009.</subfield>
  </datafield>
  <datafield tag="300" ind1=" " ind2=" ">
    <subfield code="a">ix, 564 p. :</subfield>
    <subfield code="b">ill. ;</subfield>
    <subfield code="c">26 cm.</subfield>
  </datafield>
  <datafield tag="490" ind1="1" ind2=" ">
    <subfield code="a">CFA Institute investment perspectives series</subfield>
  </datafield>
  <datafield tag="505" ind1="0" ind2=" ">
    <subfield code="a">The future of retirement planning / Robert C. Merton -- Is personal finance a science? / Paul A. Samuelson -- Lifetime financial advice: human capital, asset allocation, and insurance / Roger G. Ibbotson ... [et al.] -- The theory of optimal life-cycle saving and investing / Zvi Bodie, Jonathan Treussard, and Paul Willen -- Is conventional financial planning good for your financial health? / Laurence J. Kotlikoff -- The life care annuity / Mark J. Warshawsky -- The longevity annuity: an annuity for everyone? / Jason S. Scott -- A sustainable spending rate without simulation / Moshe A. Milevsky and Chris Robinson -- Asset allocation without unobservable parameters / Michael Stutzer -- Investment management for taxable private investors / Jarrod Wilcox, CFA: Jeffrey E. Horvitz and Dan diBartolomeo -- Core/satellite strategies for the high-net-worth investor / Clifford H. Quisenberry -- The higher equity risk Premium created by taxation / Martin L. Leibowitz -- Tax deferral and tax-loss harvesting / Jeffrey E. Horvitz -- Tax management, loss harvesting, and HIFO accounting / Andrew L. Berkin and Jia Ye -- Investing with a tax-efficient eye / Robert N. Gordon -- Diversifying concentrated holdings / Scott D. Welch -- Hedging low-cost-basis stock / Robert N. Gordon -- Tax-advantaged savings accounts and tax-efficient wealth accumulation / Stephen M. Horan -- After-tax asset allocation / William Reichenstein -- Withdrawal location with progressive tax rates / Stephen M. Horan -- After-tax performance evaluation / James M. Poterba -- Taxable benchmarks: the complexity increases / Lee N. Price -- Explaining after-tax mutual fund performance / James D. Peterson ... [et al.].</subfield>
  </datafield>
  <datafield tag="650" ind1=" " ind2="0">
    <subfield code="a">Finance, Personal.</subfield>
  </datafield>
  <datafield tag="650" ind1=" " ind2="0">
    <subfield code="a">Investments.</subfield>
  </datafield>
  <datafield tag="650" ind1=" " ind2="0">
    <subfield code="a">Retirement income</subfield>
    <subfield code="x">Planning.</subfield>
  </datafield>
  <datafield tag="651" ind1=" " ind2=" ">
    <subfield code="a">Private wealth (E-BOOK)</subfield>
  </datafield>
  <datafield tag="700" ind1="1" ind2=" ">
    <subfield code="a">Horan, Stephen Michael.</subfield>
  </datafield>
  <datafield tag="830" ind1=" " ind2="0">
    <subfield code="a">CFA Institute investment perspectives series.</subfield>
  </datafield>
  <datafield tag="942" ind1=" " ind2=" ">
    <subfield code="2">ddc</subfield>
    <subfield code="c">BK</subfield>
  </datafield>
  <datafield tag="999" ind1=" " ind2=" ">
    <subfield code="c">193243</subfield>
    <subfield code="d">193243</subfield>
  </datafield>
  <datafield tag="952" ind1=" " ind2=" ">
    <subfield code="0">0</subfield>
    <subfield code="1">0</subfield>
    <subfield code="2">ddc</subfield>
    <subfield code="4">0</subfield>
    <subfield code="7">0</subfield>
    <subfield code="8">NFIC</subfield>
    <subfield code="a">MCS</subfield>
    <subfield code="b">MCS</subfield>
    <subfield code="d">2016-12-12</subfield>
    <subfield code="l">0</subfield>
    <subfield code="o">332.024  HOR</subfield>
    <subfield code="p">MCSEB-2504</subfield>
    <subfield code="r">2016-12-08</subfield>
    <subfield code="w">2016-12-12</subfield>
    <subfield code="y">BK</subfield>
  </datafield>
</record>
